000 00372cam a2200145ua 4500
041 _aeng
_h
082 _a821
_bWOR/PO
100 _aWordsworth, William .
245 _aPoetry and prose /
_cWilliam Wordsworth.
_hTextual Documents
260 _aLondon :
_bOxford at the Clarendon Press ,
_c1960.
300 _a212 ; .
504 _a
942 _cBK
999 _c5184
_d5184